00805nam a2200241Ia 450000500170000000800410001702000140005804000190007204100120009108200150010310000350011824500630015326000260021630000160024250400370025863000530029565000570034865100220040585000100042794200070043799900170044495201020046120240217112348.0131103s9999 xx 000 0 und d a275985857 aLoreto College aEnglish a363.7bJOH aJohansen, Bruce Elliott, 1950- aGlobal warming in the 21st centurycBruce Elliott Johansen aLondonbAtlantac2007 av. 2b ill. av.2 Melting ice and warming seas aGlobal warming - Political aspects, 21st century aGlobal warming - Environmental aspects, 21st century aNatural Disasters aLCLIB cBK c18076d68555 00102ddc4070aMAINbMAINd2013-11-04l0o363.7 JOH 46151pB18606r2013-11-04w2013-11-04yBKf